Land som slutter på «land» - Statistics

General Stats
  • This quiz has been taken 600 times
    597 since last reset
  • The average score is 6 of 11
Answer Stats
Land % Correct
Finland
84%
Island
82%
Russland
79%
Irland
72%
Tyskland
72%
Nederland
64%
Estland
59%
Thailand
47%
Hviterussland
41%
New Zealand
36%
Storbritannia og Nord-Irland
6%
No matching quizzes found
Score Distribution
Percent of People with Each Score
Percentile by Number Answered
Your Score History
You have not taken this quiz since the last reset